Icone EAFC 25 - Statistiques

Statistiques générales
  • Ce quiz a été pris 132 fois
  • Le résultat moyen est 71 sur 102
Statistiques - réponses
Pays Poste Note Réponse % Correct
Argentine MOC 95 Diego Maradona
100%
Brésil BU 94 Ronaldo
95%
France MOC 94 Zinedine Zidane
95%
Brésil MOC 95 Pelé
94%
Brésil AG 93 Ronaldinho
93%
Brésil DG 90 Roberto Carlos
91%
Argentine DD 89 Javier Zanetti
89%
Pays-Bas MOC 93 Johan Cruyff
87%
France BU 91 Thierry Henry
87%
France DC 88 Laurent Blanc
85%
Brésil DD 91 Cafu
84%
Pays-Bas MOC 90 Ruud Gullit
81%
France MG 88 Franck Ribery
80%
Brésil AD 92 Garrincha
80%
Pays-Bas BU 91 Marco Van Basten
80%
Italie DC 92 Paolo Maldini
79%
Espagne MC 90 Xavi
79%
Brésil DD 91 Carlos Alberto
78%
Côte d'ivoire BU 89 Didier Drogba
78%
France MDC 87 Emmanuel Petit
78%
Portugal BU 91 Eusebio
78%
Brésil MOC 89 Kaka
78%
France DD 88 Lilian Thuram
78%
France MC 88 Patrick Vieira
78%
Brésil AG 90 Rivaldo
78%
Allemagne DC 92 Beckenbauer
77%
France MDC 87 Claude Makélélé
77%
Pays-Bas G 88 Edwin Van der Sar
77%
Hongrie BU 92 Ferenc Puskas
77%
Pays de Galles AD 88 Gareth Bale
77%
Espagne G 90 Iker Casillas
77%
Russie G 92 Lev Yashin
77%
France DC 88 Marcel Desailly
77%
Irlande du Nord AD 90 George Best
76%
Argentine MC 86 Juan Sebastian Veron
76%
Republique tchèque MG 88 Pavel Nedved
76%
Cameroun BU 89 Samuel Eto'o
76%
Italie G 91 Gianluigi Buffon
75%
Allemagne DD 89 Philipp Lahm
75%
France MG 87 Robert Pirès
75%
Allemagne BU 92 Gerd Müller
74%
Portugal AD 89 Luis Figo
74%
Ukraine BU 88 Andriy Shevchenko
73%
Ghana MDC 86 Michaël Essien
73%
Brésil MOC 89 Socrates
73%
Espagne BU 87 Fernando Torres
72%
Roumanie MOC 88 Gheorghe Hagi
72%
Argentine BU 86 Hernan Crespo
72%
Espagne DC 89 Carles Puyol
71%
Angleterre MOC 92 Bobby Charlton
70%
Angleterre MD 88 David Beckham
70%
Suède BU 86 Henrik Larsson
70%
Argentine MOC 88 Juan Roman Riquelme
70%
Serbie DC 87 Nemanja Vidic
70%
République tchèque G 88 Petr Cech
70%
Danemark G 89 Peter Schmeichel
69%
Irlande MC 86 Roy Keane
69%
Brésil MOC 91 Zico
69%
Italie MC 90 Andrea Pirlo
68%
Angleterre DG 86 Ashley Cole
68%
Angleterre MC 87 Frank Lampard
68%
Pays-Bas BU 89 Ruud Van Nistelrooy
68%
Angleterre MC 88 Steven Gerrard
68%
Croatie BU 87 Davor Suker
67%
Allemagne MC 90 Lothar Matthaüs
67%
Angleterre BU 88 Wayne Rooney
67%
Pays de Galles BU 87 Ian Rush
66%
Pays-Bas DC 88 Ronald Koeman
66%
Bulgarie BU 89 Hristo Stoichkov
65%
Brésil AD 89 Jairzinho
65%
Ecosse BU 89 Kenny Dalglish
65%
Angleterre DC 88 Rio Ferdinand
65%
Italie DC 89 Alessandro Nesta
64%
Danemark MOC 88 Michael Laudrup
64%
Italie DC 91 Franco Baresi
63%
Pays-Bas MDC 87 Frank Rijkaard
63%
Italie DD 86 Gianluca Zambrotta
63%
Angleterre DC 90 Bobby Moore
62%
Italie MDC 86 Gennaro Gattuso
62%
Espagne BU 89 Emilio Butragueno
61%
Mexique BU 86 Luis Hernandez
61%
Italie MOC 91 Roberto Baggio
61%
Italie MOC 90 Alessandro Del Piero
60%
Pays-Bas BU 88 Robin Van Persie
60%
Italie DC 89 Fabio Cannavaro
59%
Allemagne BU 88 Miroslav Klose
59%
Espagne DC 88 Fernando Hierro
58%
Mexique BU 89 Hugo Sanchez
58%
Angleterre MC 88 Paul Scholes
58%
Espagne MDC 87 Xabi Alonso
58%
France BU 89 Eric Cantona
56%
Pays-Bas BU 87 Patrick Kluivert
56%
Allemagne MC 88 Bastian Schweinsteiger
54%
Angleterre DC 86 Sol Campbell
54%
Espagne BU 90 Raul
52%
Angleterre AG 87 John Barnes
49%
Angleterre BU 88 Michael Owen
48%
Pays-Bas BU 90 Dennis Bergkamp
47%
Angleterre BU 89 Gary Lineker
47%
Angleterre BU 87 Ian Wright
46%
Angleterre BU 89 Alan Shearer
44%
Italie MOC 87 Gianfranco Zola
39%
Aucun quiz correspondant
Distribution des résultats
% des personnes avec chaque résultat
Percentile par nombre de réponses
Votre historique - résultats
Vous n’avez pas pris ce quiz